000
00271nam a22001217a 4500
082
_a
954.91 PAK'A
100
_a
ALLANA, G
_9
3790
245
_a
PAKISTAN MOVEMENT HISTORIC DOCUMENTS
250
_a
2ND
260
_a
KARACHI
_b
PARADISE
_c
1968
300
_a
606P
942
_c
BK
999
_c
585205
_d
585205